000 01169nam a2200229 i 4500
001 157541
003 ES-MaACL
005 20250626063204.0
008 940202s1891 sp |||| | spa d
100 1 _aLeonardo de Argensola, Bartolomé,
_d1562-1631
_971674
245 1 0 _aConquista de las Islas Malucas
_b: al rey Felipe tercero nuestro señor. /
_cescrita por Bartolomé Leonardo de Argensola.
260 _aZaragoza :
_b[s.n.],
_c1891 (
_fImp. del Hospicio Provincial)
300 _aCLXIII, 407 p. ;
_c20 cm.
490 1 _aBiblioteca de escritores aragoneses / publicada por la Diputación Provincial de Zaragoza. Sección Literaria ;
_v6
505 8 _aContiene: Estudio literario sobre Bartolomé Leonardo de Argensola (p. XV-CLVIII)
530 _aDisponible en formato digital.
651 4 _aMolucas-
_xHistoria.
_9169507
830 0 _aBiblioteca de escritores aragoneses / publicada por la Diputación Provincial de Zaragoza. Sección Literaria ;
_v6
_9221799
852 _aES-MaACL
_jB-1396
_z- Enc. pasta española
856 _uhttp://bdh-rd.bne.es/viewer.vm?id=0000001049&page=1
_zBiblioteca Digital Hispánica
999 _c157541
_d157541